000 00571nam a2200193 a 4500
001 000012591
005 20240530073914.0
008 091113s1994 dr 000 f spa d
040 _aDO-SdBNP
_bspa
_cBNPHU
082 _aRD863.44
_bN964b
100 1 _aNúñez, Frank,
_d1961-
_929291
245 1 3 _aLa brega /
_cFrank Núñez.
260 _aSanto Domingo :
_bPalma,
_c1994.
300 _a211 p. ;
_c20 cm.
590 _aInventariado, 2020/MAA
650 0 _aNovela dominicana
_9223
650 0 _aLiteratura dominicana.
_967
910 _aValidado. Control de calidad MMOLINA
999 _c12246
_d12246